| 000 | 00407nam a2200157Ia 4500 | ||
|---|---|---|---|
| 005 | 20250424120250.0 | ||
| 008 | 250424s9999 xx 000 0 und d | ||
| 022 | _a15977560 | ||
| 050 | _aK 202 .I58/ | ||
| 245 | 0 | _aInternational journal of law & contemprary studies | |
| 260 | _aIkot, Ekpene. | ||
| 260 | _bDevelopment Universal Consortia | ||
| 260 | _c2010 | ||
| 300 | _a126 p. ; 24 cm. | ||
| 942 | _cSR | ||
| 999 |
_c38325 _d38325 |
||